[Event "Wroclaw Anderssen Memorial op-B"]
[Site "Wroclaw"]
[Date "2023.??.??"]
[Round "4"]
[White "Gruca, Karol"]
[Black "Kicinski, Michal"]
[Result "1-0"]
[WhiteElo "1442"]
[BlackElo "1111"]
[PlyCount "57"]
[EventDate "2023.08.06"]
[EventType "swiss"]
[EventRounds "9"]
[EventCountry "POL"]
[SourceTitle "EXT 2024"]
[Source "ChessBase"]
[SourceDate "2023.10.10"]
[SourceVersion "1"]
[SourceVersionDate "2023.10.10"]
[SourceQuality "1"]

1. e4 e5 2. Nf3 Nc6 3. Bc4 Nf6 4. d3 Bc5 5. 0-0 d6 6. c3 Bg4 7. Nbd2 Qd7 8. b4 Bb6 9. Re1 Nh5 10. Nf1 Nf4 11. Bxf4 exf4 12. d4 Ne7 13. Qd3 f6 14. N1d2 h5 15. Bb3 0-0-0 16. Nc4 Rh6 17. a4 c6 18. Nxb6+ axb6 19. a5 b5 20. a6 bxa6 21. Rxa6 Bxf3 22. Qxf3 Qg4 23. Ra7 Qxf3 24. gxf3 Re8 25. Bf7 Rhh8 26. Rea1 Kd8 27. Be6 Ref8 28. Rd7+ Ke8 29. Ra8+ 1-0

[Event "Wroclaw Anderssen Memorial op-B"]
[Site "Wroclaw"]
[Date "2023.??.??"]
[Round "5"]
[White "Kawulski Chodkiewicz, Alexander"]
[Black "Gruca, Karol"]
[Result "1-0"]
[WhiteElo "1659"]
[BlackElo "1442"]
[PlyCount "131"]
[EventDate "2023.08.06"]
[EventType "swiss"]
[EventRounds "9"]
[EventCountry "POL"]
[SourceTitle "EXT 2024"]
[Source "ChessBase"]
[SourceDate "2023.10.10"]
[SourceVersion "1"]
[SourceVersionDate "2023.10.10"]
[SourceQuality "1"]

1. e4 c5 2. Nf3 Nc6 3. d4 cxd4 4. Nxd4 g6 5. c4 Nf6 6. Nc3 d6 7. Be2 Nxd4 8. Qxd4 Bg7 9. Be3 0-0 10. Qd2 a5 11. 0-0 a4 12. Rfd1 Be6 13. f3 Nd7 14. Rab1 Qa5 15. Bd4 Rfc8 16. Bxg7 Kxg7 17. Qd4+ Qe5 18. f4 Qxd4+ 19. Rxd4 Nc5 20. Rf1 f5 21. exf5 gxf5 22. Re1 Kf6 23. Bf3 Rab8 24. h3 Rg8 25. Bd5 Rg3 26. Bxe6 Nxe6 27. Nd5+ Kf7 28. Rd2 Rc8 29. Rde2 Rg6 30. b3 b5 31. Kh2 h5 32. Ne3 Nd4 33. Rd2 e5 34. fxe5 dxe5 35. cxb5 axb3 36. axb3 Nxb3 37. Rd7+ Ke6 38. Ra7 f4 39. Ra6+ Kf7 40. Nd5 Rxa6 41. bxa6 Ra8 42. Rxe5 Rxa6 43. Nxf4 h4 44. Rh5 Nd2 45. Rxh4 Ra2 46. Kg3 Ne4+ 47. Kf3 Nf6 48. Nh5 Ra3+ 49. Kf2 Nd5 50. Rd4 Ne7 51. Nf4 Nf5 52. Rd3 Ra4 53. Ne2 Kg6 54. g4 Ne7 55. Kg3 Ng8 56. Nf4+ Kf6 57. h4 Ne7 58. Nd5+ Nxd5 59. Rxd5 Ra3+ 60. Kf4 Ra4+ 61. Kf3 Ra3+ 62. Ke4 Rh3 63. h5 Rh1 64. Rf5+ Kg7 65. Kf4 Rg1 66. Kg5 1-0

[Event "Krakow Winter op-B"]
[Site "Krakow"]
[Date "2022.01.20"]
[Round "9"]
[White "Gruca, Karol"]
[Black "Moroz, Volodymyr"]
[Result "1-0"]
[WhiteElo "1206"]
[BlackElo "1197"]
[PlyCount "77"]
[EventDate "2022.01.15"]
[EventType "swiss"]
[EventRounds "9"]
[EventCountry "POL"]
[SourceTitle "CBM 206 Extra"]
[Source "ChessBase"]
[SourceDate "2022.03.31"]
[SourceVersion "1"]
[SourceVersionDate "2022.03.31"]
[SourceQuality "1"]

1. e4 c5 2. Nf3 d6 3. d4 cxd4 4. Nxd4 Nf6 5. Nc3 g6 6. f3 Bg7 7. Be3 0-0 8. Qd2 Nc6 9. Nb3 Be6 10. 0-0-0 Rc8 11. Kb1 Bxb3 12. cxb3 Nd7 13. g4 Nde5 14. Be2 Qd7 15. h3 Qd8 16. h4 Nd7 17. h5 Nf6 18. hxg6 fxg6 19. Bh6 Ne5 20. Bxg7 Kxg7 21. Qh6+ Kh8 22. f4 Nf7 23. Qh3 Rg8 24. g5 Nh5 25. Bxh5 gxh5 26. Qxh5 Rg7 27. g6 Ne5 28. fxe5 Qg8 29. gxh7 Rxh7 30. Qxh7+ Qxh7 31. Rxh7+ Kxh7 32. exd6 exd6 33. Rxd6 Rc7 34. e5 Kg7 35. e6 Kf8 36. Nd5 Rc8 37. Rd7 Ke8 38. Rh7 Rd8 39. Rh8# 1-0